| 000 | 00884nam a2200229Ia 4500 | ||
|---|---|---|---|
| 003 | GCL | ||
| 008 | 140319s9999 xx 000 0 ara d | ||
| 020 | _a4201017977 | ||
| 040 |
_aGCL / _cGCL |
||
| 082 | 0 | 4 |
_a370.15 _bا س |
| 100 | 1 | _aالفرحاتى السيد محمود | |
| 245 | 1 | 0 |
_aسيكولوجية تحصين الاطفال ضد العجز المتعلم / _cالفرحاتى السيد محمود |
| 260 |
_aالقاهرة : _bدار السحاب للنشر والتوزيع ، _c2005 |
||
| 300 |
_a333 ص ؛ _c24 سم |
||
| 490 |
_aسلسلة علم النفس الايجابى _v2 |
||
| 650 | 0 | 4 | _aعلم النفس التربوى |
| 650 | 0 | 4 | _aاساسيات التعليم |
| 650 | 0 | 4 | _aالوسائل التعليمية |
| 650 | 0 | 4 | _aالتعليم - اغراضه واهدافه |
| 650 | 0 | 4 | _aالتعليم - البحوث التربوية |
| 942 |
_2ddc _cBK |
||
| 999 |
_c7394 _d7394 |
||